wymień wszystkie modele ciężkiej serii ursusa - Statystyki

Ogólne statystyki
  • Ten quiz został rozwiązany 24 razy
    14 od ostatniego zresetowania
  • Średni wynik to 13 z 28
Statystyki odpowiedzi
ursus model % Poprawnych
ursus 1614
100%
ursus 1012
90%
ursus 1014
80%
ursus 902
80%
ursus 904
80%
ursus 912
80%
ursus 914
80%
ursus 1224
70%
ursus 1634
60%
ursus c-385
60%
ursus 1201
50%
ursus 1222
50%
ursus 1934
50%
ursus c-385a
50%
ursus 1002
40%
ursus 1004
40%
ursus 1204
40%
ursus 1234
40%
ursus 1734
40%
ursus 934
40%
ursus 932
30%
ursus 1132
20%
ursus 1134
20%
ursus 1674
10%
ursus 1754
10%
ursus prototyp c-375
10%
ursus 1042
0%
ursus 1044
0%
Nie znaleziono quizów pasujących do podanych kryteriów
Rozkład punktacji
Procent ludzi z każdym wynikiem
Percentyl według liczby udzielonych odpowiedzi
Twoja historia wyników
Nie rozwiązałeś tego quizu od ostatniego zresetowania